000 00483nam a22001937a 4500
003 MPLRDC
005 20220104123655.0
008 210129b ||||| |||| 00| 0 eng d
020 _a7-5377-0924-6
082 _a411.77 MJY
100 _a毛俊艳等编著
245 _a百病睡卧疗法
_c
250 _a一版一刷
260 _a
_b山西科学技术出版社
_c1995
300 _b
490 _a百病独特疗法丛书
650 _a睡眠
942 _cBK
_o411.77 MJY
999 _c13285
_d13275